| 000 | 00756nam a22002057a 4500 | ||
|---|---|---|---|
| 999 |
_c15400 _d15400 |
||
| 003 | AR-CdUCM | ||
| 008 | 190427b ||||| |||| 00| 0 spa d | ||
| 040 |
_aMUNICIPALIDAD PROVINCIAL DEL CUSCO _cBIBLIOTECA MUNICIPAL DEL CUSCO |
||
| 082 |
_aEP / 498 / _bG75 |
||
| 100 |
_aGutiérrez Sambrano, Elena _934457 |
||
| 245 |
_aKusisami patara N° 2 : _bQheswa simi yachay = Texto para el aprendizaje intermedio del quechua / |
||
| 260 |
_aQosqo : _bAcademia mayor de la lengua quechua, _c2010. |
||
| 300 |
_a117 páginas ; _bGráficos, dibujo, gramática, _c30 cm. |
||
| 650 |
_aAprendizaje _92143 |
||
| 650 |
_aQuechua _92063 |
||
| 650 |
_aEducación primaria _91561 |
||
| 700 |
_aTapia Canales, Rosa _929648 |
||
| 942 |
_2ddc _cLIBROS |
||
| 945 |
_arah _d27/04/2019 |
||